[Event "9th RTU Open 2019"]
[Site "Riga"]
[Date "2019.08.09"]
[Round "7.8"]
[White "Gajewski, Grzegorz"]
[Black "Salomon, Johan"]
[Result "1-0"]
[WhiteElo "2613"]
[BlackElo "2514"]
[Annotator "TA"]
[PlyCount "103"]
[EventDate "2019.08.05"]
[EventType "swiss"]
[EventCountry "LAT"]
[SourceTitle "playchess.com"]
[Source "ChessBase"]
[SourceQuality "1"]

{[%evp 15,103,6,13,10,5,5,13,7,7,0,21,15,18,11,20,13,37,10,16,6,11,0,0,0,0,0,-8,-36,-20,-6,0,0,11,-15,102,96,121,129,161,39,37,61,43,56,73,75,99,102,114,108,133,124,158,152,163,139,96,19,170,156,385,388,563,534,634,627,618,590,645,645,643,639,599,595,2226,2135,1711,1294,1105,1504,1452,1315,1329,1037,2116,1672,1716,1692,1177,1147]} 1. d4 Nf6 2. c4 e6 3. Nf3 d5 4. g3 Bb4+ 5. Bd2 Be7 6. Bg2 O-O 7. O-O Nbd7 8. Qc2 c6 9. Rc1 {E11: Bogo-Indian} (9. Bf4 b6 10. Rd1 Ba6 11. cxd5 cxd5 12. Ne5 Nxe5 13. dxe5 Ng4 14. h3 g5 15. Bxg5 Nxe5 16. Bxe7 Qxe7 17. e4 dxe4 18. Qxe4 {½-½ (32) Yu,Y (2751)-Ding,L (2809) Shenzhen 2019}) 9... a5 10. Bf4 Nh5 11. Be3 {The position is equal.} Nhf6 $146 ({Predecessor:} 11... f5 12. a3 g5 13. Bd2 g4 14. Ne1 f4 15. Nd3 Bg5 16. Re1 Qf6 17. e3 f3 {1-0 (35) Engelhardt,G (2154)-Hoexter,H GER email 2013}) 12. a4 Ne4 13. Nbd2 f5 14. Rd1 Bf6 15. Nxe4 fxe4 16. Ne1 Bg5 {aiming for ...Bxe3.} 17. Bxg5 Qxg5 18. Qc1 Qh5 19. f3 Nf6 20. Qf4 dxc4 21. Qe5 Qxe5 22. dxe5 Nd5 23. fxe4 Ne3 24. Rd6 b5 (24... Ra6 $11 {remains equal.}) 25. Bh3 $16 {Hoping for Ra3.} b4 26. Nf3 c5 27. Rc1 (27. Kf2 $1 $18 {[%cal Rf2e3]} Nc2 28. Rc1) 27... c3 $1 $14 {[%cal Rc3b2]} 28. bxc3 b3 29. Rb1 Rb8 30. Rc6 $36 {[%mdl 2048] Black must now prevent Rxc8! White is in control.} c4 {White should prevent ...Bb7.} 31. Kf2 Nc2 {[#]} 32. Rb2 $1 (32. Rxc4 $6 Na3 $11) 32... Na3 33. Ke3 ({Reject} 33. Bxe6+ $6 Bxe6 34. Rxe6 Rbe8 $11) 33... Bd7 34. Rc7 Bxa4 35. Bxe6+ Kh8 36. Nd4 ({Better is} 36. Kd2 $16) 36... Nc2+ $2 (36... Be8 $1 $11) 37. Kd2 $18 Nxd4 $2 (37... Na3 $16 {keeps fighting.} 38. Rc5 (38. Bxc4 Nxc4+ 39. Rxc4 Be8 $16) 38... g6 39. Bxc4 (39. Rxa5 Rf1 $16) 39... Nxc4+ 40. Rxc4 Be8) 38. cxd4 Bb5 (38... Rfd8 $142 39. e3 (39. Bxc4 Rxd4+ 40. Ke3 Rdd8 $16) 39... Bb5 40. Bxc4 Bxc4) 39. Bxc4 {White is clearly winning.} a4 {Strongly threatening ...Bxc4.} 40. Bxb5 Rxb5 {[%mdl 4096] Endgame [#] KRR-KRR} 41. Ra7 $1 Rb4 42. Kc3 Rfb8 43. e6 Kg8 44. e3 R8b7 45. Rxb7 Rxb7 {KR-KR} 46. Rf2 a3 47. e7 {[%mdl 64] Deflection} Rxe7 48. Kxb3 Rxe4 49. Kxa3 Rxe3+ 50. Kb4 Rd3 51. Kc5 Rc3+ 52. Kd6 {Accuracy: White = 69%, Black = 37%.} 1-0

[Event "9th RTU Open 2019"]
[Site "Riga"]
[Date "2019.08.09"]
[Round "7.9"]
[White "Dastan, Muhammed Batuhan"]
[Black "Zanan, Evgeny"]
[Result "1/2-1/2"]
[WhiteElo "2565"]
[BlackElo "2505"]
[Annotator "TA"]
[PlyCount "96"]
[EventDate "2019.08.05"]
[EventType "swiss"]
[EventCountry "LAT"]
[SourceTitle "playchess.com"]
[Source "ChessBase"]
[SourceQuality "1"]

{[%evp 9,96,5,0,0,15,28,25,16,20,8,28,18,35,15,20,16,26,24,10,0,0,0,9,0,4,-36,0,-31,0,0,0,0,-8,0,0,-17,-13,-12,-12,-61,-23,-95,-43,-103,0,0,0,0,0,0,17,0,11,0,0,-23,-39,-115,-114,-241,0,0,0,-225,-209,-238,-236,-220,-211,-354,-224,-212,-170,-330,-327,-341,-344,-318,-340,-345,-344,-284,0,0,0,0,0,0,0]} 1. e4 c5 2. Nf3 d6 3. Bb5+ Nd7 4. Ba4 a6 5. c4 Ngf6 6. O-O {B51: Sicilian: Moscow Variation (3 Bb5+) without 3...Bd7} g6 7. Nc3 Bg7 8. d3 {White has an edge.} O-O 9. Rb1 Nb8 $146 ({Predecessor:} 9... Ng4 10. Ng5 Nb6 11. Bc2 f5 {½-½ (33) Mamedov,R (2708)-Cheparinov,I (2712) Ankara 2018}) 10. h3 Nc6 11. a3 Nd7 12. Bg5 Rb8 13. Qd2 Nd4 14. Nxd4 cxd4 15. Nd5 f6 16. Bh6 e6 17. Bxd7 Bxd7 (17... Bxh6 {looks sharper.} 18. Qxh6 Bxd7 19. Nf4 Qe7 20. Rfc1 b5) 18. Nb4 Qc7 19. Bxg7 Kxg7 20. f4 a5 21. Nc2 e5 22. b4 b5 23. cxb5 {a4 is the strong threat.} a4 24. Rbc1 Qb7 25. h4 (25. Rfd1 $11 {keeps the balance.}) 25... Bxb5 (25... Rbc8 $17 26. Ne1 Bxb5) 26. h5 (26. Ne1 $15) 26... Qe7 ({Black should try} 26... Rbc8 $1 $17 27. Rf3 gxh5 28. fxe5 dxe5 29. Rg3+ Kh8) 27. h6+ $11 Kg8 28. Ne1 Rbc8 29. Nf3 Bd7 30. Qb2 Qe6 31. Nd2 Bb5 32. f5 Qf7 33. Rf3 (33. Rxc8 $15 Rxc8 34. Rc1) 33... g5 $17 34. Kf2 (34. Nc4 $17 Bxc4 35. dxc4) 34... Qb7 35. Qa2+ Qf7 36. Qb2 $1 Rxc1 37. Qxc1 Qd7 $1 38. Nc4 Rc8 $1 39. Rg3 (39. Qf1 {is a better defense.}) 39... Kh8 40. Kg1 Qf7 41. Qc2 $2 (41. Qf1 {was called for.} Bxc4 42. dxc4) 41... Kg8 $19 ({Weaker is} 41... Bxc4 42. dxc4 Qxc4 43. Qxc4 $17) 42. Qd1 Bxc4 43. dxc4 Qxc4 44. Qxa4 {Threatens to win with Qd7. KQR-KQR} Qc1+ 45. Kh2 {[#] Black must now prevent Qd7.} Qf4 $2 {[#]} (45... g4 $1 $19 {[%mdl 512]} 46. Rxg4+ Kh8) 46. Qd7 $1 $11 {[%csl Gh6][%cal Rd7g7][%mdl 512] The position is equal.} Qh4+ {[%mdl 64] Double Attack} 47. Rh3 {[%csl Gh6][%cal Rd7g7]} Qf4+ 48. Rg3 {[%csl Gh6][%cal Rd7g7]} Qh4+ {[%mdl 64] Double Attack. Accuracy: White = 38%, Black = 59%.} 1/2-1/2

[Event "9th RTU Open 2019"]
[Site "Riga"]
[Date "2019.08.09"]
[Round "7.10"]
[White "Mammadzada, Gunay"]
[Black "Wagner, Dennis"]
[Result "1/2-1/2"]
[WhiteElo "2427"]
[BlackElo "2579"]
[Annotator "ChessBase"]
[PlyCount "41"]
[EventDate "2019.08.05"]
[EventType "swiss"]
[EventCountry "LAT"]
[SourceTitle "playchess.com"]
[Source "ChessBase"]
[SourceQuality "1"]
[TimeControl "5400+30"]

1. e4 {[%emt 0:00:00]} e5 {[%emt 0:00:00]} 2. Nf3 {[%emt 0:00:00]} Nc6 {[%emt 0:00:00]} 3. Bb5 {[%emt 0:00:00]} a6 {[%emt 0:00:00]} 4. Ba4 {[%emt 0:00:00]} Nf6 {[%emt 0:00:00]} 5. O-O {[%emt 0:00:00]} Be7 {[%emt 0:00:02]} 6. Re1 {[%emt 0:00:11]} b5 {[%emt 0:00:06]} 7. Bb3 {[%emt 0:00:04]} O-O {[%emt 0:00:09]} 8. c3 {[%emt 0:00:11]} d5 {[%emt 0:00:37]} 9. exd5 {[%emt 0:00:47]} Nxd5 {[%emt 0:00:06]} 10. Nxe5 {[%emt 0:00:12]} Nxe5 {[%emt 0:00:07]} 11. Rxe5 {[%emt 0:00:07]} c6 {[%emt 0:00:04]} 12. d3 {[%emt 0:00:50]} Bd6 {[%emt 0:00:11]} 13. Re1 {[%emt 0:00:10]} Bf5 {[%emt 0:00:24]} 14. Qf3 {[%emt 0:01:37]} Bg6 {[%emt 0:00:43]} 15. Na3 {[%emt 0:19:21]} Bxa3 {[%emt 0:00:56]} 16. bxa3 {[%emt 0:03:21]} Nxc3 {[%emt 0:00:09]} 17. Bb2 {[%emt 0:07:38]} Na4 {[%emt 0:04:41]} 18. Bxa4 {[%emt 0:15:09]} bxa4 {[%emt 0:00:06]} 19. Qxc6 {[%emt 0:00:04]} Qxd3 {[%emt 0:00:57]} 20. Qxa4 {[%emt 0:00:10]} Rab8 {[%emt 0:25:17]} 21. Qd4 {[%emt 0:06:25]} 1/2-1/2

[Event "9th RTU Open 2019"]
[Site "Riga"]
[Date "2019.08.09"]
[Round "7.11"]
[White "Lalith Babu M R"]
[Black "Vogel, Roven"]
[Result "1/2-1/2"]
[WhiteElo "2580"]
[BlackElo "2456"]
[Annotator "TA"]
[PlyCount "128"]
[EventDate "2019.08.05"]
[EventType "swiss"]
[EventCountry "LAT"]
[SourceTitle "playchess.com"]
[Source "ChessBase"]
[SourceQuality "1"]

{[%evp 19,128,31,27,12,16,11,18,0,20,11,31,19,30,30,30,31,36,31,75,41,60,4,11,37,36,21,26,0,12,14,11,15,89,80,91,6,6,6,6,6,108,109,109,108,104,112,166,141,122,126,143,20,446,392,364,0,147,0,9,0,0,0,543,532,524,525,525,0,0,0,0,0,0,0,0,0,0,0,0,0,8,7,8,18,17,0,0,0,0,0,0,0,0,0,0,0,0,0,0,0,0,0,0,0,0,-31,0,0,0,0,0]} 1. d4 Nf6 2. c4 e6 3. Nc3 d5 4. cxd5 exd5 5. Bg5 c6 6. e3 Be7 7. Bd3 Nbd7 8. Qc2 Nh5 9. Bxe7 Qxe7 10. O-O-O Nb6 11. Nf3 {D36: Queen's Gambit Declined: Exchange Variation: Main line (5 Bg5 c6 6 Qc2)} Bg4 12. Kb1 g6 13. Rc1 Bxf3 14. gxf3 {[#]} f5 $146 ({Predecessor:} 14... Qh4 15. Ka1 f5 16. Rhg1 Nf6 17. f4 Kf7 18. Rg2 Rae8 {0-1 (40) Buhmann,R (2633)-Ivanchuk,V (2722) Germany 2016}) 15. f4 Nf6 16. Ne2 {[%cal Bc3e2,Be2g1,Bg1f3,Bf3e5][%mdl 32]} O-O-O 17. Ng1 Kb8 18. Nf3 Nfd7 19. Ne5 Rc8 20. Qc3 ({Better is} 20. Qb3 $14) 20... Qh4 $11 21. Rc2 Nxe5 22. fxe5 f4 23. Qb3 Rhf8 24. a4 {[%cal Ba2a4,Ba4a5,Ba5a6][%mdl 32]} fxe3 25. fxe3 Rf3 (25... Rf2 $11) 26. a5 $16 Nc4 27. Bxc4 (27. a6 $1 $16 {[%csl Ga6][%cal Rb3b7]} b5 28. Qb4) 27... dxc4 $11 28. Qxc4 {With the idea a6.} Rxe3 29. a6 Re1+ (29... bxa6 $11 {keeps the balance.} 30. Rd1 a5) 30. Rxe1 $16 Qxe1+ {[%mdl 4096] Endgame KQR-KQR} 31. Rc1 Qe4+ 32. Ka1 $1 bxa6 (32... Qd5 $16) 33. Qb4+ $1 $18 Ka8 34. Qd6 $1 {[%mdl 1024] White has strong compensation.} Kb7 35. Qe7+ (35. Rc5 $1 $16 Qe1+ 36. Ka2) 35... Ka8 $2 {[%mdl 8192]} (35... Kb8 $11 {and Black is okay.}) 36. Qd7 {[%cal Rd7c8]} Kb8 37. Qd6+ (37. Rc5 $1 $18) 37... Kb7 $1 $16 {[#]} 38. Qb4+ (38. Rc5 $1 $16 Qe1+ 39. Ka2) 38... Ka8 $11 39. Re1 Qd5 40. e6 c5 $2 {[%mdl 8192]} (40... Qb5 $11 {and Black stays safe.} 41. Qd2 Re8) 41. Qa4 $18 {Black must now prevent e7.} Qxd4 42. Qxa6 {[%cal Ra6c8]} Rb8 {[%csl Gb8][%cal Rd4b2] [#]} 43. Qc6+ $2 (43. Qe2 $1 $18) 43... Rb7 $11 {[%csl Gb7][%cal Rd4b2]} 44. Qg2 {Strongly threatening e7.} Kb8 45. Qe2 {Threatens to win with e7.} Re7 $1 46. Qb5+ Kc7 $1 47. Qa6 Qb4 48. Qxa7+ Kc6 49. Qa8+ Qb7 50. Qa4+ Qb5 $132 {[%mdl 2048] Black is fighting back} 51. Qe4+ Kb6 52. Qe3 Qc4 {...Qc2 is the strong threat.} 53. Kb1 Qd5 54. h4 h6 55. Qg3 Rxe6 56. Qb8+ Ka5 57. Qc7+ Kb5 58. Qb8+ Rb6 59. Qe8+ Rc6 60. Qb8+ Rb6 61. Qe8+ Kb4 62. Qe3 Ra6 63. Qf4+ Kb5 {( -> ...Qd3+)} 64. Qb8+ Rb6 {Accuracy: White = 59%, Black = 53%.} 1/2-1/2

[Event "9th RTU Open 2019"]
[Site "Riga"]
[Date "2019.08.09"]
[Round "7.12"]
[White "Korchmar, Vasiliy"]
[Black "Michalik, Peter"]
[Result "1/2-1/2"]
[WhiteElo "2424"]
[BlackElo "2573"]
[Annotator "TA"]
[PlyCount "63"]
[EventDate "2019.08.05"]
[EventType "swiss"]
[EventCountry "LAT"]
[SourceTitle "playchess.com"]
[Source "ChessBase"]
[SourceQuality "1"]

{[%evp 14,63,9,0,0,0,0,-7,-28,-18,33,37,17,31,28,17,39,23,39,18,20,23,24,30,117,109,130,91,89,47,50,35,43,45,57,52,52,18,50,0,0,0,6,0,0,0,0,0,0,0,0,0]} 1. d4 Nf6 2. c4 g6 3. Nc3 d5 4. Nf3 Bg7 5. Bf4 O-O 6. e3 c5 7. dxc5 Qa5 8. Rc1 Nbd7 {D93: Grünfeld: 4 Nf3 Bg7 5 Bf4 0-0 6 e3} 9. cxd5 {Hoping for c6.} Ne4 {[%cal Re4c3]} 10. Be2 (10. Nd4 {looks sharper.} Nxc3 11. bxc3 Nxc5 12. Bc4 e5 13. dxe6 Bxe6 14. Be2) 10... Nxc3 11. bxc3 Nxc5 ({Black should play} 11... Bxc3+ $11 12. Kf1 Nxc5) (11... Bxc3+ 12. Kf1 Nxc5 13. h4 Bf5 14. h5 Rfd8 15. hxg6 Bxg6 {1-0 (32) Yu,Y (2752)-Vachier Lagrave,M (2778) Saint Louis 2019}) 12. Be5 $146 ({Predecessor:} 12. O-O Qxa2 13. Be5 Bxe5 {½-½ (15) Mikhalevski,A (2430)-Golod,V (2532) Israel 2019}) 12... Bxe5 13. Nxe5 Qxa2 14. O-O $36 {[%mdl 2048] White fights for an advantage.} Qa5 15. Bc4 Nd7 16. f4 Nxe5 17. fxe5 e6 18. d6 Bd7 (18... Qxe5 $11 19. d7 Rd8 20. dxc8=R Qxe3+ 21. Kh1 Raxc8) 19. Qd4 $16 Rac8 20. h4 Qc5 21. Bd3 f6 22. exf6 e5 23. Qxc5 Rxc5 24. Be4 b6 25. c4 {Strongly threatening Bd5+.} Be6 26. Bd5 (26. g4 $5) 26... Bxd5 {The position is equal.} 27. cxd5 Rxd5 28. Rfd1 Rxd1+ 29. Rxd1 $11 {KR-KR} Kf7 {White must now prevent ...Rd8.} 30. d7 Rd8 31. Rd6 $1 a5 32. Rxb6 {Accuracy: White = 55%, Black = 69%.} 1/2-1/2

[Event "9th RTU Open 2019"]
[Site "Riga"]
[Date "2019.08.09"]
[Round "7.13"]
[White "Theodorou, Nikolas"]
[Black "Usmanov, Vasily"]
[Result "1-0"]
[WhiteElo "2543"]
[BlackElo "2443"]
[Annotator "TA"]
[PlyCount "90"]
[EventDate "2019.08.05"]
[EventType "swiss"]
[EventCountry "LAT"]
[SourceTitle "playchess.com"]
[Source "ChessBase"]
[SourceQuality "1"]

{[%evp 11,90,17,12,7,62,26,27,-5,-4,-22,-20,-23,-22,-12,0,-112,-103,-132,-113,-137,-86,-85,-78,-73,-80,-135,-85,-121,-97,-133,0,-6,14,9,56,75,79,9,13,0,4,0,52,27,30,56,66,59,49,37,131,131,131,131,162,171,245,245,338,325,274,274,331,316,11114,11245,11245,11008,10934,10581,11441,9022,6436,2902,12841,11261,29956,9849,29976,29977,29980]} 1. d4 Nf6 2. c4 e6 3. g3 c5 4. Nf3 cxd4 5. Nxd4 Qc7 6. Nc3 a6 7. Be3 {A32: Symmetrical English: 2 Nf3 Nf6 3 d4 cxd4 4 Nxd4 e6} (7. Bg2 Qxc4 8. O-O Nc6 9. Nb3 d5 10. Bf4 Be7 11. Rc1 Qb4 12. a3 Qb6 13. e4 dxe4 14. Be3 Qc7 15. Nc5 O-O 16. N5xe4 {1-0 (81) Vidit,S (2707)-Le,Q (2704) Hengshui 2019}) 7... Ng4 $146 (7... Nc6 $11) ({Predecessor:} 7... Nc6 8. Bg2 Ng4 9. O-O Nxe3 10. fxe3 Be7 11. Rc1 O-O 12. Kh1 Ne5 13. Na4 d6 14. b4 Bd7 {0-1 (61) Bronstein,O (2385)-Nguyen,T (2556) Porto Carras 2018}) 8. Bd2 (8. Bf4 $5 {[%cal Rf4c7]} d6 9. Bd2 $11) 8... Nc6 9. e3 {White has an edge.} Nge5 10. b3 b5 {Strongly threatening ...Bb7.} 11. f4 Bb7 {White must now prevent ...b4.} 12. Nxc6 $1 Nxc6 13. e4 (13. cxb5 $11 {keeps the balance.} Nd4 14. exd4 Bxh1 15. bxa6) 13... bxc4 14. Bxc4 Bc5 $1 15. Na4 Bd4 ({Better is} 15... Ba7 $1 16. Bc3 O-O) 16. Rc1 O-O 17. Bd3 Qd6 18. Bc3 (18. Bb1 $142) 18... f5 19. Bxd4 Nxd4 20. Nc5 Rac8 (20... fxe4 $1 $17 21. Bxe4 Bxe4 22. Nxe4 Qb4+ 23. Kf2 Nxb3 24. Qxb3 Qxe4) 21. Nxb7 $11 Qb4+ {[%mdl 64] Double Attack} 22. Kf2 Rxc1 23. Qxc1 Qxb7 24. Re1 (24. Qe3 $16 Nb5 25. Rc1) 24... Rc8 25. Qd2 Qb6 $132 {[%mdl 2048] Black puts up resistance} 26. Kg2 fxe4 (26... Qc6 $11) 27. Bxe4 d5 28. Bb1 a5 29. Qe3 {Rd1 is the strong threat.} Rc6 30. Qe5 a4 (30... g6 $14) 31. Rd1 $16 ({Much weaker is} 31. Qh5 $6 g6 $11) 31... axb3 32. axb3 Nxb3 {[#]} 33. Rxd5 $1 {[%mdl 512] Rd7 would kill now.} Rc5 {[#]} ({Avoid the trap} 33... Rc1 $2 34. Bxh7+ $1 {[%mdl 512]} Kf8 35. Rb5 $18 (35. Qd6+ Qxd6 36. Rxd6 Ke7 $16)) (33... Qc7 $142 34. Bxh7+ Kf8) (33... exd5 34. Qe8#) 34. Bf5 $1 $18 {[%cal Rf5e6]} Kf8 35. Bxe6 {White wants to mate with Qf5+.} Rxd5 36. Qxd5 {Threatens to win with Qd7.} Nd4 {[#]} 37. Bg8 $1 {[%csl Gg8][%cal Rd5f7]} Qc6 $2 (37... Qf6 38. Qa8+ Ke7 39. Qb7+ Kd8 40. Bxh7 Qc6+ 41. Qxc6 Nxc6) 38. Qxc6 Nxc6 39. Bxh7 {[%mdl 4096] Endgame KB-KN} Kf7 40. Be4 Nd4 41. Kf2 Kf6 42. h4 (42. Ke3 $142 Nb5 43. h4) 42... Ne6 43. Ke3 Nc5 44. g4 g6 45. g5+ Kg7 {Accuracy: White = 68%, Black = 40%.} 1-0

[Event "9th RTU Open 2019"]
[Site "Riga"]
[Date "2019.08.09"]
[Round "7.14"]
[White "Gokerkan, Cem Kaan"]
[Black "Gukesh D"]
[Result "1/2-1/2"]
[WhiteElo "2415"]
[BlackElo "2520"]
[Annotator "RC"]
[PlyCount "42"]
[EventDate "2019.08.05"]
[EventType "swiss"]
[EventCountry "LAT"]
[SourceTitle "playchess.com"]
[Source "ChessBase"]
[SourceQuality "1"]
[TimeControl "5400+30"]

1. e4 {[%emt 0:01:08]} g6 {[%emt 0:00:00]} 2. d4 {[%emt 0:03:47]} Bg7 {[%emt 0:00:07]} 3. Nc3 {[%emt 0:00:37]} d6 {[%emt 0:00:08]} 4. Nf3 {[%emt 0:03:54]} a6 {[%emt 0:01:08]} 5. a4 {[%emt 0:00:39]} Nf6 {[%emt 0:00:15]} 6. Be2 {[%emt 0:00:46]} O-O {[%emt 0:00:25]} 7. O-O {[%emt 0:00:20]} Nc6 {[%emt 0:07:24]} 8. h3 {[%emt 0:04:48]} d5 {[%emt 0:17:04]} 9. exd5 {[%emt 0:11:53]} Nxd5 {[%emt 0:16:05]} 10. Ne4 {[%emt 0:04:43]} e6 {[%emt 0:07:41]} 11. c3 {[%emt 0:07:25]} b6 {[%emt 0:05:32]} 12. Re1 {[%emt 0:01:49]} h6 {[%emt 0:02:38]} 13. Bd2 {[%emt 0:10:50]} Bb7 {[%emt 0:01:44]} 14. Bd3 {[%emt 0:08:11]} Nde7 {[%emt 0:03:21]} 15. Bf4 {[%emt 0:05:46]} Nf5 {[%emt 0:05:37]} 16. Qd2 {[%emt 0:02:20]} g5 {[%emt 0:02:29]} 17. Bh2 {[%emt 0:04:40]} Nce7 {[%emt 0:02:46]} 18. a5 {[%emt 0:01:59]} Ng6 {[%emt 0:05:33]} 19. axb6 {[%emt 0:00:08]} cxb6 {[%emt 0:00:02]} 20. Qe2 {[%emt 0:02:08]} a5 {[%emt 0:01:00]} 21. Rad1 {[%emt 0:01:41]} Ngh4 {[%emt 0:07:36]} 1/2-1/2

[Event "9th RTU Open 2019"]
[Site "Riga"]
[Date "2019.08.09"]
[Round "7.15"]
[White "Thybo, Jesper Sondergaard"]
[Black "Grinev, Valeriy"]
[Result "1/2-1/2"]
[WhiteElo "2528"]
[BlackElo "2437"]
[Annotator "TA"]
[PlyCount "171"]
[EventDate "2019.08.05"]
[EventType "swiss"]
[EventCountry "LAT"]
[SourceTitle "playchess.com"]
[Source "ChessBase"]
[SourceQuality "1"]

{[%evp 15,171,17,18,16,28,30,35,27,24,15,15,22,18,45,54,54,219,-72,-39,-100,-69,-86,-76,-151,-152,-156,0,0,0,0,0,0,61,66,66,66,62,56,56,56,58,56,56,58,58,56,63,65,70,56,56,54,79,75,96,79,97,75,75,75,79,63,58,56,56,56,56,56,56,56,63,56,56,54,56,49,64,56,72,65,79,49,79,71,77,72,71,25,56,56,56,47,71,56,72,56,74,66,67,66,70,54,98,98,98,98,98,61,61,61,98,76,98,77,98,0,98,77,98,98,98,98,98,98,98,61,61,61,98,24,98,98,98,98,98,98,106,106,106,16,16,16,16,16,53,53,83,10,10,10,10,10,10,10,10,10,10,-8]} 1. d4 Nf6 2. c4 g6 3. Nc3 d5 4. cxd5 Nxd5 5. e4 Nxc3 6. bxc3 Bg7 7. Qa4+ Nd7 8. Nf3 O-O 9. Be2 {D85: Exchange Grünfeld: Unusual White 7th moves and lines with 7 Nf3} e5 10. O-O (10. Ba3 Re8 11. dxe5 Nxe5 12. Rd1 Bd7 13. Qb3 Nxf3+ 14. gxf3 Qc8 15. h4 Be6 16. c4 Rd8 17. Rxd8+ Qxd8 {0-1 (52) Vidit,S (2711)-Shankland,S (2731) Prague 2019}) 10... Nb6 11. Qb3 $146 {White is slightly better.} ({Predecessor:} 11. Qc2 exd4 12. cxd4 Bg4 13. Bb2 Bxf3 14. Bxf3 Bxd4 15. Rfd1 c5 16. Bxd4 cxd4 {½-½ (37) Muzychuk,M (2560)-Abdumalik,Z (2469) Astana 2019}) 11... exd4 12. cxd4 Bg4 13. Bg5 Qd7 14. Rad1 Bxf3 15. Qxf3 Bxd4 $2 {[#]} ({Black should play} 15... Qa4 $14) 16. e5 $2 (16. Bf6 $18 c5 17. Qf4) 16... c5 $17 17. a4 (17. Qf4 $15 Qe6 18. Rxd4 cxd4 19. Bg4) 17... Qe6 ({Don't play} 17... Nxa4 $6 18. Bf6 $15) 18. Rfe1 Qxe5 19. Bf4 ({White should try} 19. h4) 19... Qf6 20. Bh6 Nxa4 $2 (20... Rfe8 $17 21. Qxf6 Bxf6) 21. Qxf6 $11 Bxf6 22. Bxf8 Rxf8 23. Rd7 Nc3 (23... c4 $11) 24. Rxb7 $14 Nxe2+ 25. Rxe2 {[%mdl 4096] Endgame KRR-KRB} Ra8 26. Ra2 a5 27. Rb3 $1 c4 28. Rba3 $1 Rc8 29. Rxa5 Kg7 30. Rc2 h5 31. Kf1 c3 32. Rd5 Rc4 33. Ke2 Rc8 34. Kd3 Rc7 35. Ra2 Kg8 36. Rda5 Rd7+ 37. Ke2 Re7+ 38. Kf3 Rc7 39. Ra7 Rc5 40. Rc2 Bd4 41. Ra8+ (41. Ra1 {keeps more tension.} g5 42. g3 g4+ 43. Ke4 Bf6 44. f4) 41... Kg7 42. Ke2 Bf6 43. Ra7 Re5+ 44. Kf1 Rc5 45. Rd7 Kf8 46. Ke2 Ke8 47. Rb7 Kf8 48. Kd3 Rc8 49. Re2 Rc6 50. Kc2 Kg7 51. Re1 Ra6 {next ...Ra2+ is good for Black.} 52. Kb3 Rc6 53. Rc1 Rc8 54. Rc2 Rc6 55. Ra2 Rc8 56. Rd7 Rb8+ 57. Kc2 Be5 58. g3 {Black must now prevent f4.} Rb2+ 59. Rxb2 cxb2 $16 {KR-KB} 60. f4 Bf6 61. Rb7 {Hoping for h3.} Kf8 62. Kd3 Kg8 63. Ke4 Bc3 64. Kd5 Bf6 65. Ke4 Bc3 $1 66. h3 Kg7 67. Rb8 Kh7 68. g4 hxg4 69. hxg4 Bf6 70. Rb7 (70. Kd3 {seems wilder.} Bg7 71. Kc2 Bf6 72. Rb6 Bd4 73. Rb7) 70... Kg8 71. Kd5 {Threatens to win with Rb8+.} (71. Kd3 {feels hotter.} Kf8 72. Kd2 Bg7 73. Rb8+ Ke7 74. Kc2) 71... Bc3 72. Kd6 (72. Rb8+ $16 Kh7 73. Ke4) 72... Bf6 (72... Kg7 $11) 73. Rb8+ Kg7 {[#]} 74. Kd5 $1 Kh7 75. Ke4 Bc3 76. Rb7 Kg8 77. g5 (77. Kd3 $16 Bf6 78. Rb8+ Kh7 79. Kc2) 77... Bg7 $11 78. Kf3 {And now Rb8+ would win.} Kh7 79. Kg4 {aiming for Kf3.} Kg8 80. Rb8+ Kh7 81. f5 ({Better is} 81. Kf3 $16) 81... gxf5+ {The position is equal.} 82. Kxf5 Bc3 83. Rb7 Kg8 84. Rb3 Kf8 85. Rb8+ Ke7 86. g6 {Accuracy: White = 41%, Black = 58%.} 1/2-1/2

[Event "9th RTU Open 2019"]
[Site "Riga"]
[Date "2019.08.09"]
[Round "7.16"]
[White "Keinanen, Toivo"]
[Black "Vishnu Prasanna. V"]
[Result "1/2-1/2"]
[WhiteElo "2386"]
[BlackElo "2505"]
[Annotator "ChessBase"]
[PlyCount "52"]
[EventDate "2019.08.05"]
[EventType "swiss"]
[EventCountry "LAT"]
[SourceTitle "playchess.com"]
[Source "ChessBase"]
[SourceQuality "1"]
[TimeControl "5400+30"]

1. d4 {[%emt 0:00:00]} d5 {[%emt 0:00:00]} 2. c4 {[%emt 0:00:00]} e6 {[%emt 0:00:00]} 3. g3 {[%emt 0:00:00]} Nf6 {[%emt 0:00:38]} 4. Bg2 {[%emt 0:04:04]} Nc6 {[%emt 0:00:40]} 5. Nf3 {[%emt 0:01:37]} Bd6 {[%emt 0:00:16]} 6. O-O {[%emt 0:07:01]} O-O {[%emt 0:00:26]} 7. Bg5 {[%emt 0:09:16]} h6 {[%emt 0:01:31]} 8. Bxf6 {[%emt 0:02:20]} Qxf6 {[%emt 0:00:05]} 9. cxd5 {[%emt 0:01:13]} exd5 {[%emt 0:00:58]} 10. Nc3 {[%emt 0:00:03]} Qe6 {[%emt 0:13:02]} 11. e4 {[%emt 0:06:36]} dxe4 {[%emt 0:05:42]} 12. d5 {[%emt 0:00:38]} Qe7 {[%emt 0:07:56]} 13. dxc6 {[%emt 0:02:35]} exf3 {[%emt 0:01:32]} 14. Re1 {[%emt 0:13:04]} Qf6 {[%emt 0:04:51]} 15. Ne4 {[%emt 0:15:42]} Qd8 {[%emt 0:21:07]} 16. Nxd6 {[%emt 0:02:01]} cxd6 {[%emt 0:00:45]} 17. Bxf3 {[%emt 0:04:08]} bxc6 {[%emt 0:00:44]} 18. Bxc6 {[%emt 0:00:03]} Rb8 {[%emt 0:00:08]} 19. b3 {[%emt 0:00:53]} Be6 {[%emt 0:01:04]} 20. Bd5 {[%emt 0:01:28]} Qd7 {[%emt 0:01:09]} 21. Rc1 {[%emt 0:01:13]} Rbc8 {[%emt 0:02:06]} 22. Qd4 {[%emt 0:01:18]} Rfe8 {[%emt 0:02:59]} 23. Bg2 {[%emt 0:04:30]} Rc7 {[%emt 0:02:30]} 24. Red1 {[%emt 0:01:34]} Rec8 {[%emt 0:02:15]} 25. Rxc7 {[%emt 0:00:56]} Qxc7 {[%emt 0:00:10]} 26. h4 {[%emt 0:01:10]} d5 {[%emt 0:02:16]} 1/2-1/2